Statistics for Largest Cities in the New York City Metropolitan Area

Click here to take the quiz!

General Stats

  • This quiz has been taken 157 times
  • The average score is 7 of 20

Answer Stats

PopulationAnswer% Correct
277,140Newark
91%
247,597Jersey City
88%
195,976Yonkers
86%
128,640Elizabeth
56%
146,199Paterson
53%
77,062New Rochelle
50%
56,853White Plains
49%
759,757Hempstead
41%
67,292Mount Vernon
36%
99,967Edison
31%
335,543Islip
19%
99,265Woodbridge
18%
203,264Huntington
16%
72,500Passaic
15%
486,040Brookhaven
14%
293,214Oyster Bay
14%
213,603Babylon
11%
226,322North Hempstead
11%
117,801Smithtown
9%
126,595Ramapo
5%

Score Distribution

Percentile by Number Answered

Percent of People with Each Score

Your Score History

You have not taken this quiz